000 00653nam a2200217Ii 4500
003 JO-AjNU
008 230606s9999||||xx |||||||||||||| ||und||
020 _a978-81-8356-609-4
040 _aJO-AjNU
_beng
_erda
_cJO-AjNU
041 _aeng
050 1 4 _aLC3965 2010
100 3 _aVardhini,Vijaya.S,
_eauthor
_9124
245 0 0 _aVocational Education Of Hearing Impaired Students
250 _a1 ed
264 3 1 _aNew York:Discovery Publishing House,2010
300 _a171P
336 _atext
_btxt
_2rdacontent
337 _aunmediated
_bn
_2rdamedia
338 _avolume
_bnc
_2rdacarrier
650 4 _aVocational Education-Hearing Impaired Students
_9125
999 _aE66
_c66
_d66